000 00295nam a2200121 4500
003 OSt
005 20230704113644.0
008 230704b |||||||| |||| 00| 0 eng d
040 _cSIMED
245 _aQuality engineering through material failure analysis
260 _amumbai
942 _2ddc
_n0
_cBK
999 _c35868
_d35868